[Event "Xtracon Skakligaen"]
[Site "Denmark"]
[Date "2017.01.07"]
[Round "4.6"]
[White "Pilgaard, Kim"]
[Black "Ramsdal, Jens Albert"]
[Result "1-0"]
[WhiteElo "2384"]
[BlackElo "2201"]
[PlyCount "59"]
[EventDate "2016.10.29"]
[EventType "team-tourn"]
[EventRounds "9"]
[EventCountry "DEN"]
[WhiteTeam "Bronshoj 1"]
[BlackTeam "SK 68 1"]
[WhiteTeamCountry "DEN"]
[BlackTeamCountry "DEN"]

1. d4 Nf6 2. c4 g6 3. Nc3 Bg7 4. e4 d6 5. f4 O-O 6. Nf3 c5 7. d5 e6 8. dxe6
Bxe6 9. Bd3 Bg4 10. O-O Nc6 11. h3 Bxf3 12. Qxf3 Ne8 13. f5 Ne5 14. Qg3 Nf6 15.
Be2 h6 16. Be3 Qa5 17. Rad1 Rad8 18. Bd2 Qa6 19. b3 Kh7 20. Qh4 Ng8 21. f6 Bh8
22. a4 Qb6 23. Rb1 Rde8 24. g4 Qd8 25. Bxh6 Nxh6 26. g5 Nc6 27. Qxh6+ Kg8 28.
Rf4 Re5 29. Rh4 Rxg5+ 30. Kh1 1-0

[Event "Xtracon Skakligaen"]
[Site "Denmark"]
[Date "2017.01.07"]
[Round "4.7"]
[White "Bindzus, Niels"]
[Black "Palm, Nikolaj"]
[Result "1/2-1/2"]
[WhiteElo "2225"]
[BlackElo "2321"]
[PlyCount "46"]
[EventDate "2016.10.29"]
[EventType "team-tourn"]
[EventRounds "9"]
[EventCountry "DEN"]
[WhiteTeam "SK 68 1"]
[BlackTeam "Bronshoj 1"]
[WhiteTeamCountry "DEN"]
[BlackTeamCountry "DEN"]

1. e4 e5 2. Bc4 Nc6 3. Nf3 Bc5 4. c3 d6 5. d4 exd4 6. cxd4 Bb6 7. h3 Nf6 8. O-O
O-O 9. d5 Ne7 10. Nc3 Ng6 11. Re1 Re8 12. Qc2 Bd7 13. a4 a6 14. a5 Ba7 15. Bf1
h6 16. Be3 Nh5 17. Bxa7 Rxa7 18. Qd2 Ra8 19. Rac1 Rc8 20. Qd4 Qe7 21. Re3 Ne5
22. Nxe5 dxe5 23. Qc4 Qd6 1/2-1/2

[Event "Xtracon Skakligaen"]
[Site "Denmark"]
[Date "2017.01.07"]
[Round "4.8"]
[White "Skousen, Nikolai"]
[Black "Christensen, Thomas K"]
[Result "1/2-1/2"]
[WhiteElo "2275"]
[BlackElo "2225"]
[PlyCount "103"]
[EventDate "2016.10.29"]
[EventType "team-tourn"]
[EventRounds "9"]
[EventCountry "DEN"]
[WhiteTeam "Bronshoj 1"]
[BlackTeam "SK 68 1"]
[WhiteTeamCountry "DEN"]
[BlackTeamCountry "DEN"]

1. Nf3 d5 2. b3 Nf6 3. Bb2 c6 4. e3 Bg4 5. h3 Bh5 6. d3 e6 7. Nbd2 Bc5 8. a3
O-O 9. Be2 Re8 10. O-O h6 11. Ne5 Bxe2 12. Qxe2 Nfd7 13. Ndf3 Nf8 14. Rad1 Qe7
15. b4 Bd6 16. c4 f6 17. Ng4 Nbd7 18. e4 a5 19. exd5 cxd5 20. cxd5 axb4 21.
axb4 Bxb4 22. dxe6 Qxe6 23. Qc2 Rec8 24. Qb1 Ba5 25. Ne3 Ng6 26. d4 Nf4 27. d5
Qb6 28. Qf5 Qd6 29. Qg4 h5 30. Qxg7+ Kxg7 31. Nf5+ Kh7 32. Nxd6 Rg8 33. Nh4
Nxh3+ 34. Kh1 Nf4 35. Nxb7 Bb6 36. Nd6 Ra2 37. Nc4 Bc5 38. Bd4 Rg4 39. g3 Nh3
40. Bxc5 Rxc4 41. Be3 Rcc2 42. Kg2 Ng5 43. Rc1 Ne4 44. Rxc2 Rxc2 45. Ra1 Ne5
46. Ra7+ Kg8 47. Ra8+ Kf7 48. Ra7+ Kf8 49. Ra8+ Kf7 50. Ra7+ Kf8 51. Ra8+ Kf7
52. Ra7+ 1/2-1/2

[Event "Xtracon Skakligaen"]
[Site "Denmark"]
[Date "2017.01.07"]
[Round "4.1"]
[White "Andersen, Mads"]
[Black "Grandelius, Nils"]
[Result "1/2-1/2"]
[WhiteElo "2542"]
[BlackElo "2642"]
[PlyCount "48"]
[EventDate "2016.10.29"]
[EventType "team-tourn"]
[EventRounds "9"]
[EventCountry "DEN"]
[WhiteTeam "Team Nordea Skanderborg 1"]
[BlackTeam "Philidor 1"]
[WhiteTeamCountry "DEN"]
[BlackTeamCountry "DEN"]

1. d4 Nf6 2. c4 e6 3. Nc3 Bb4 4. e3 O-O 5. Bd3 d5 6. cxd5 exd5 7. Nge2 Re8 8.
O-O b6 9. a3 Bd6 10. b4 a6 11. Rb1 Nbd7 12. f3 c5 13. bxc5 bxc5 14. Nf4 cxd4
15. exd4 Nb6 16. Re1 Bd7 17. Rxe8+ Bxe8 18. Nce2 Qc7 19. Qb3 Rb8 20. Qc3 Qa7
21. g4 h6 22. h4 Na4 23. Qd2 Rxb1 24. Bxb1 Nb6 1/2-1/2

[Event "Xtracon Skakligaen"]
[Site "Denmark"]
[Date "2017.01.07"]
[Round "4.2"]
[White "Glud, Jakob Vang"]
[Black "Semcesen, Daniel"]
[Result "1/2-1/2"]
[WhiteElo "2517"]
[BlackElo "2469"]
[PlyCount "39"]
[EventDate "2016.10.29"]
[EventType "team-tourn"]
[EventRounds "9"]
[EventCountry "DEN"]
[WhiteTeam "Philidor 1"]
[BlackTeam "Team Nordea Skanderborg 1"]
[WhiteTeamCountry "DEN"]
[BlackTeamCountry "DEN"]

1. c4 f5 2. g3 Nf6 3. Bg2 g6 4. Nc3 Bg7 5. d3 d6 6. e4 fxe4 7. dxe4 c5 8. e5
Ng4 9. exd6 O-O 10. f3 Ne5 11. f4 Bg4 12. Qd5+ e6 13. Qxb7 Nd3+ 14. Kf1 Qxd6
15. Nb5 Qd8 16. Qc7 Na6 17. Qxd8 Raxd8 18. Bf3 Bxf3 19. Nxf3 e5 20. Kg2 1/2-1/2

[Event "Xtracon Skakligaen"]
[Site "Denmark"]
[Date "2017.01.07"]
[Round "4.3"]
[White "Hansen, Mads"]
[Black "Bekker Jensen, Simon"]
[Result "0-1"]
[WhiteElo "2452"]
[BlackElo "2466"]
[PlyCount "90"]
[EventDate "2016.10.29"]
[EventType "team-tourn"]
[EventRounds "9"]
[EventCountry "DEN"]
[WhiteTeam "Team Nordea Skanderborg 1"]
[BlackTeam "Philidor 1"]
[WhiteTeamCountry "DEN"]
[BlackTeamCountry "DEN"]

1. e4 c5 2. Nf3 d6 3. d4 Nf6 4. Nc3 cxd4 5. Nxd4 a6 6. h3 e5 7. Nde2 h5 8. Bg5
Be6 9. Bxf6 Qxf6 10. Nd5 Qd8 11. Qd3 Nd7 12. O-O-O g6 13. Kb1 Rc8 14. Nec3 Bh6
15. h4 Nc5 16. Qe2 b5 17. a3 O-O 18. g3 Bd7 19. Bh3 Ne6 20. f4 exf4 21. gxf4
Nxf4 22. Nxf4 Bxf4 23. Bxd7 Rxc3 24. bxc3 Qxd7 25. Rhg1 Kh7 26. Rd3 Be5 27. Rf3
Rc8 28. Qf2 Rc7 29. Rf1 Kg7 30. Qb6 Qc8 31. Qf2 Qe6 32. Qb6 Qc8 33. Qf2 Qb7 34.
Kc1 Kg8 35. Qe1 Qc6 36. Qf2 Qc4 37. Qb6 Bxc3 38. Qxd6 Qa2 39. Kd1 Qb1+ 40. Ke2
Qxc2+ 41. Ke3 Bg7 42. Qd8+ Kh7 43. R3f2 Rc3+ 44. Kf4 Bh6+ 45. Ke5 Rc5+ 0-1

[Event "Xtracon Skakligaen"]
[Site "Denmark"]
[Date "2017.01.07"]
[Round "4.4"]
[White "Mikkelsen, Nikolaj"]
[Black "Andersen, Jackie"]
[Result "0-1"]
[WhiteElo "2463"]
[BlackElo "2382"]
[PlyCount "68"]
[EventDate "2016.10.29"]
[EventType "team-tourn"]
[EventRounds "9"]
[EventCountry "DEN"]
[WhiteTeam "Philidor 1"]
[BlackTeam "Team Nordea Skanderborg 1"]
[WhiteTeamCountry "DEN"]
[BlackTeamCountry "DEN"]

1. e4 g6 2. d4 Bg7 3. Nf3 d6 4. Be2 Nd7 5. O-O e5 6. dxe5 dxe5 7. Nc3 Ngf6 8.
h3 O-O 9. Be3 c6 10. a4 a5 11. Qd6 Re8 12. Ng5 Bf8 13. Qd2 Bb4 14. Bc4 Rf8 15.
Qc1 Qe7 16. Ne2 h6 17. Nf3 Nxe4 18. Bxh6 Re8 19. c3 Bc5 20. Qc2 Kh7 21. Bc1 f5
22. b4 Ba7 23. Bd3 Ndf6 24. Ng5+ Nxg5 25. Bxg5 Qf7 26. Bc4 Qxc4 27. Bxf6 axb4
28. Rab1 bxc3 29. Rb3 f4 30. Nxc3 Rb8 31. Rc1 e4 32. Qb2 e3 33. Ne2 exf2+ 34.
Kf1 Rxe2 0-1

[Event "Xtracon Skakligaen"]
[Site "Denmark"]
[Date "2017.01.07"]
[Round "4.5"]
[White "Pedersen, Nicolai Vesterbaek"]
[Black "Skovgaard, Peter Nicolai"]
[Result "1-0"]
[WhiteElo "2371"]
[BlackElo "2302"]
[PlyCount "81"]
[EventDate "2016.10.29"]
[EventType "team-tourn"]
[EventRounds "9"]
[EventCountry "DEN"]
[WhiteTeam "Team Nordea Skanderborg 1"]
[BlackTeam "Philidor 1"]
[WhiteTeamCountry "DEN"]
[BlackTeamCountry "DEN"]

1. Nf3 Nf6 2. c4 e6 3. g3 d5 4. Bg2 dxc4 5. Qa4+ Bd7 6. Qxc4 Bc6 7. b3 a5 8.
Bb2 a4 9. bxa4 Nbd7 10. Nc3 Nb6 11. Qb3 Nfd7 12. O-O Nc5 13. Qc2 Be7 14. Nb5
Nbxa4 15. Bxg7 Rg8 16. Qxh7 Rxg7 17. Qxg7 Bf8 18. Qe5 Ra5 19. Nbd4 Bxf3 20.
Nxf3 Nb3 21. Qh8 Nxa1 22. Rxa1 Nc5 23. h4 Ne4 24. Qb2 Qa8 25. Nh2 Nd6 26. Ng4
f5 27. Nf6+ Kf7 28. Nh5 e5 29. Qb3+ Ke7 30. d4 Qe8 31. dxe5 Rxe5 32. Qc3 Kd8
33. Bf3 Bh6 34. Rd1 f4 35. g4 Qe7 36. Kf1 Kc8 37. Rd5 Rxd5 38. Bxd5 c6 39. Bf3
Ne4 40. Qh8+ Bf8 41. Bxe4 1-0

[Event "Xtracon Skakligaen"]
[Site "Denmark"]
[Date "2017.01.07"]
[Round "4.6"]
[White "Hovmoller, Kristian"]
[Black "Pedersen, Steffen"]
[Result "0-1"]
[WhiteElo "2289"]
[BlackElo "2375"]
[PlyCount "58"]
[EventDate "2016.10.29"]
[EventType "team-tourn"]
[EventRounds "9"]
[EventCountry "DEN"]
[WhiteTeam "Philidor 1"]
[BlackTeam "Team Nordea Skanderborg 1"]
[WhiteTeamCountry "DEN"]
[BlackTeamCountry "DEN"]

1. d4 d5 2. c4 e6 3. Nf3 Nf6 4. g3 dxc4 5. Bg2 c5 6. Qa4+ Bd7 7. Qxc4 Bc6 8.
O-O Nbd7 9. Bg5 Rc8 10. Rc1 Be7 11. Nc3 O-O 12. dxc5 b5 13. Nxb5 Bxf3 14. Bxf6
Bxf6 15. Bxf3 Bxb2 16. c6 Ne5 17. Qc5 Bxa1 18. Rxa1 Nxf3+ 19. exf3 Qa5 20. Qc4
Qb6 21. Rc1 Rfd8 22. c7 Rd5 23. a4 a6 24. Nc3 Rc5 25. a5 Qxc7 26. Qxa6 Rxc3 27.
Rd1 Rc1 28. Rxc1 Qxc1+ 29. Kg2 Qc6 0-1

[Event "Xtracon Skakligaen"]
[Site "Denmark"]
[Date "2017.01.07"]
[Round "4.7"]
[White "Grove, Peter"]
[Black "Bekker Jensen, David"]
[Result "1/2-1/2"]
[WhiteElo "2171"]
[BlackElo "2183"]
[PlyCount "90"]
[EventDate "2016.10.29"]
[EventType "team-tourn"]
[EventRounds "9"]
[EventCountry "DEN"]
[WhiteTeam "Team Nordea Skanderborg 1"]
[BlackTeam "Philidor 1"]
[WhiteTeamCountry "DEN"]
[BlackTeamCountry "DEN"]

1. e4 c5 2. Nf3 d6 3. d4 cxd4 4. Qxd4 Nc6 5. Bb5 a6 6. Bxc6+ bxc6 7. c4 e5 8.
Qd3 Qc7 9. O-O h6 10. Nc3 Nf6 11. h3 Be7 12. Be3 O-O 13. Rac1 Rb8 14. b3 Rd8
15. Rfd1 Qb7 16. Qe2 c5 17. Nd5 Nxd5 18. cxd5 Bd7 19. Nd2 Bg5 20. Bxg5 hxg5 21.
Nc4 Bb5 22. Qh5 f6 23. h4 gxh4 24. Qxh4 Bxc4 25. Rxc4 g5 26. Qh6 Qg7 27. Qh5
Qh7 28. Qg4 Qd7 29. Qxd7 Rxd7 30. Ra4 Ra7 31. Rc1 a5 32. f3 Kf7 33. Rcc4 Kg6
34. Kf2 Rh8 35. b4 cxb4 36. Rcxb4 g4 37. Rb6 gxf3 38. Kxf3 Rc7 39. Rc6 Rxc6 40.
dxc6 Rc8 41. Rxa5 Rxc6 42. Ra8 Rc3+ 43. Kg4 Rc4 44. Kf3 Rc3+ 45. Kg4 Rc4
1/2-1/2

[Event "Xtracon Skakligaen"]
[Site "Denmark"]
[Date "2017.01.07"]
[Round "4.8"]
[White "Brorsen, Jacob Abildlund"]
[Black "Munk, Kai S"]
[Result "1/2-1/2"]
[WhiteElo "2144"]
[BlackElo "2039"]
[PlyCount "127"]
[EventDate "2016.10.29"]
[EventType "team-tourn"]
[EventRounds "9"]
[EventCountry "DEN"]
[WhiteTeam "Philidor 1"]
[BlackTeam "Team Nordea Skanderborg 1"]
[WhiteTeamCountry "DEN"]
[BlackTeamCountry "DEN"]

1. d4 Nf6 2. Nf3 d5 3. c4 e6 4. g3 Be7 5. Bg2 O-O 6. Qc2 c6 7. O-O Nbd7 8. Nbd2
Qc7 9. e4 dxe4 10. Nxe4 Nxe4 11. Qxe4 Nf6 12. Qe2 c5 13. Bf4 Bd6 14. Bg5 cxd4
15. Nxd4 a6 16. Nc2 Bd7 17. Bxf6 gxf6 18. Qg4+ Kh8 19. Qf3 Be5 20. Qxb7 Qxb7
21. Bxb7 Ra7 22. Bf3 Bxb2 23. Rab1 Be5 24. Rfd1 Ba4 25. Rd2 Bc3 26. Re2 Rd8 27.
Kg2 Rc7 28. Ne3 Bd2 29. Nd5 exd5 30. Rxd2 Rxc4 31. Rxd5 Rxd5 32. Bxd5 Bc6 33.
Rb8+ Kg7 34. Bxc6 Rxc6 35. Ra8 f5 36. h4 h6 37. a4 Rb6 38. a5 Rc6 39. Kf3 Rc3+
40. Kf4 Rc4+ 41. Ke3 Rc6 42. Ra7 Rd6 43. Kf4 Rc6 44. Re7 Rc2 45. f3 Kf6 46. Rb7
Rc4+ 47. Ke3 Rc3+ 48. Kf2 Rc6 49. Ke3 Ke6 50. Kd4 f6 51. h5 Kd6 52. Rh7 Rc1 53.
Rxh6 Ke6 54. g4 fxg4 55. fxg4 Ra1 56. g5 Ra4+ 57. Kc3 Rxa5 58. Rxf6+ Ke7 59.
Rg6 Kf7 60. Kd4 Ra4+ 61. Kd5 Ra5+ 62. Kd6 Rf5 63. Rh6 Rxg5 64. Re6 1/2-1/2

[Event "Xtracon Skakligaen"]
[Site "Denmark"]
[Date "2017.01.07"]
[Round "4.1"]
[White "Hector, Jonny"]
[Black "Teplyi, Igor"]
[Result "0-1"]
[WhiteElo "2513"]
[BlackElo "2431"]
[PlyCount "62"]
[EventDate "2016.10.29"]
[EventType "team-tourn"]
[EventRounds "9"]
[EventCountry "DEN"]
[WhiteTeam "Nordkalotten 1"]
[BlackTeam "Nordre 1"]
[WhiteTeamCountry "DEN"]
[BlackTeamCountry "DEN"]

1. e4 c5 2. Nf3 d6 3. d4 cxd4 4. Nxd4 Nf6 5. Nc3 a6 6. Bg5 Nbd7 7. f4 Qc7 8.
Qf3 b5 9. O-O-O Bb7 10. Bd3 g6 11. Rhe1 Bg7 12. g4 O-O 13. Bf1 Rac8 14. a3 Qb6
15. Nb3 Nc5 16. Nxc5 Rxc5 17. Bh4 Rfc8 18. Bf2 Rxc3 19. bxc3 Qa5 20. Rd3 Qxa3+
21. Kd2 Qa4 22. Rd4 Qa2 23. g5 Nd7 24. Bh3 e6 25. Rd3 b4 26. Rc1 b3 27. Qh1 b2
28. Re1 Qc4 29. Ree3 Nc5 30. Bg2 Nxd3 31. Rxd3 Qa2 0-1

[Event "Xtracon Skakligaen"]
[Site "Denmark"]
[Date "2017.01.07"]
[Round "4.2"]
[White "Petersen, Tom Petri"]
[Black "Brynell, Stellan"]
[Result "1/2-1/2"]
[WhiteElo "2341"]
[BlackElo "2450"]
[PlyCount "156"]
[EventDate "2016.10.29"]
[EventType "team-tourn"]
[EventRounds "9"]
[EventCountry "DEN"]
[WhiteTeam "Nordre 1"]
[BlackTeam "Nordkalotten 1"]
[WhiteTeamCountry "DEN"]
[BlackTeamCountry "DEN"]

1. Nf3 d5 2. d4 Nf6 3. Bf4 c5 4. c3 e6 5. h3 Nc6 6. e3 Bd6 7. Bxd6 Qxd6 8. Nbd2
O-O 9. Be2 e5 10. dxe5 Nxe5 11. Nxe5 Qxe5 12. O-O Be6 13. Re1 Rfd8 14. Bd3 h6
15. Qe2 Bf5 16. Bxf5 Qxf5 17. e4 dxe4 18. Nxe4 Nxe4 19. Qxe4 Qxe4 20. Rxe4 Rd2
21. b4 cxb4 22. Rxb4 b6 23. a4 Rc8 24. a5 bxa5 25. Rd4 Rb2 26. Rxa5 Rxc3 27.
Rxa7 Rc1+ 28. Kh2 Rxf2 29. Ra3 Rcc2 30. Rg3 g6 31. h4 Kg7 32. Ra4 Rf1 33. Re3
h5 34. Rb3 Kh6 35. Rd3 Re2 36. Rg3 Kg7 37. Rb4 Kf6 38. Rbb3 Kg7 39. Rgf3 Rxf3
40. Rxf3 Re4 41. g3 Re2+ 42. Kh3 Kf8 43. Ra3 Ke7 44. Ra6 Rd2 45. Rb6 f6 46. Ra6
Rd6 47. Ra3 Ke6 48. Kg2 Ke5 49. Kf3 Rd5 50. Re3+ Kf5 51. Ra3 Rb5 52. Rc3 g5 53.
hxg5 fxg5 54. Rc2 Rb3+ 55. Kg2 Ke4 56. Re2+ Re3 57. Ra2 Rd3 58. Re2+ Kf5 59.
Ra2 Ke4 60. Re2+ Kd4 61. Kf2 Rc3 62. Rd2+ Ke4 63. Re2+ Kd3 64. Re5 g4 65. Rxh5
Rc2+ 66. Kg1 Ke4 67. Ra5 Re2 68. Ra1 Kf3 69. Rb1 Kxg3 70. Ra1 Rg2+ 71. Kh1 Kh3
72. Ra3+ Rg3 73. Ra1 Rb3 74. Kg1 Rb2 75. Rc1 Kg3 76. Ra1 Rg2+ 77. Kh1 Rh2+ 78.
Kg1 Rg2+ 1/2-1/2

[Event "Xtracon Skakligaen"]
[Site "Denmark"]
[Date "2017.01.07"]
[Round "4.3"]
[White "Sylvan, Jacob"]
[Black "Baekgaard, Martin"]
[Result "1-0"]
[WhiteElo "2371"]
[BlackElo "2313"]
[PlyCount "39"]
[EventDate "2016.10.29"]
[EventType "team-tourn"]
[EventRounds "9"]
[EventCountry "DEN"]
[WhiteTeam "Nordkalotten 1"]
[BlackTeam "Nordre 1"]
[WhiteTeamCountry "DEN"]
[BlackTeamCountry "DEN"]

1. e4 c5 2. Nf3 Nc6 3. Nc3 d6 4. d4 cxd4 5. Nxd4 e5 6. Nf5 Bxf5 7. exf5 Nf6 8.
g4 h6 9. Bg2 Be7 10. h4 Nh7 11. g5 hxg5 12. hxg5 Bxg5 13. Qg4 Bf6 14. Rh5 Kd7
15. Be3 Qg8 16. O-O-O Nf8 17. Rxh8 Qxh8 18. Ne4 d5 19. Nxf6+ gxf6 20. Bxd5 1-0

[Event "Xtracon Skakligaen"]
[Site "Denmark"]
[Date "2017.01.07"]
[Round "4.4"]
[White "Sloth, Jorn"]
[Black "Kristensen, Kaare Hove"]
[Result "1/2-1/2"]
[WhiteElo "2300"]
[BlackElo "2383"]
[PlyCount "32"]
[EventDate "2016.10.29"]
[EventType "team-tourn"]
[EventRounds "9"]
[EventCountry "DEN"]
[WhiteTeam "Nordre 1"]
[BlackTeam "Nordkalotten 1"]
[WhiteTeamCountry "DEN"]
[BlackTeamCountry "DEN"]

1. d4 d5 2. c4 c6 3. cxd5 cxd5 4. Bf4 Nf6 5. Nc3 Nc6 6. e3 Bf5 7. Rc1 e6 8. Qb3
Bb4 9. a3 Bxc3+ 10. Rxc3 Qd7 11. Nf3 Ne4 12. Rc1 O-O 13. Bb5 f6 14. Qa4 g5 15.
Bg3 Rfc8 16. Nd2 a6 1/2-1/2

[Event "Xtracon Skakligaen"]
[Site "Denmark"]
[Date "2017.01.07"]
[Round "4.5"]
[White "Hove, Esben Kjems"]
[Black "Olsen, Filip Boe"]
[Result "1-0"]
[WhiteElo "2267"]
[BlackElo "2241"]
[PlyCount "63"]
[EventDate "2016.10.29"]
[EventType "team-tourn"]
[EventRounds "9"]
[EventCountry "DEN"]
[WhiteTeam "Nordkalotten 1"]
[BlackTeam "Nordre 1"]
[WhiteTeamCountry "DEN"]
[BlackTeamCountry "DEN"]

1. d4 d5 2. c4 c6 3. cxd5 cxd5 4. Nf3 Nf6 5. Nc3 Nc6 6. Bf4 Bf5 7. e3 e6 8. Ne5
Bd6 9. Bb5 Rc8 10. O-O O-O 11. Bxc6 bxc6 12. Rc1 Qe7 13. Na4 Bxe5 14. Bxe5 Nd7
15. Bg3 c5 16. Qb3 cxd4 17. exd4 Nf6 18. Bh4 h6 19. f3 g5 20. Bf2 Rc7 21. Rc5
Rb7 22. Qc3 g4 23. Bh4 gxf3 24. Qxf3 Qe8 25. Bxf6 Qxa4 26. Qh5 Kh7 27. Rxf5
Qxa2 28. Rf1 Rxb2 29. Rc7 Rxg2+ 30. Kh1 Rg6 31. Qf3 Qa5 32. Be5 1-0

[Event "Xtracon Skakligaen"]
[Site "Denmark"]
[Date "2017.01.07"]
[Round "4.6"]
[White "Andersen, Thomas Klitgaard"]
[Black "Nielsen, Lars Aaes"]
[Result "0-1"]
[WhiteElo "2217"]
[BlackElo "2239"]
[PlyCount "56"]
[EventDate "2016.10.29"]
[EventType "team-tourn"]
[EventRounds "9"]
[EventCountry "DEN"]
[WhiteTeam "Nordre 1"]
[BlackTeam "Nordkalotten 1"]
[WhiteTeamCountry "DEN"]
[BlackTeamCountry "DEN"]

1. d4 e6 2. c4 d5 3. Nc3 Nf6 4. cxd5 Nxd5 5. e4 Nf6 6. Nf3 c5 7. d5 exd5 8.
exd5 Bd6 9. Be2 O-O 10. O-O Nbd7 11. Bg5 h6 12. Bh4 g5 13. Bg3 Nb6 14. Bxd6
Qxd6 15. Qd2 Bf5 16. h4 g4 17. Nh2 Kg7 18. Rfd1 Rfe8 19. Nf1 Be4 20. Ng3 Bg6
21. Rac1 a6 22. a4 Rad8 23. a5 Nc8 24. Na4 Qe5 25. Nxc5 Rxd5 26. Nd3 Qd6 27.
Qf4 Rxd3 28. Qxd6 Rxd6 0-1

[Event "Xtracon Skakligaen"]
[Site "Denmark"]
[Date "2017.01.07"]
[Round "4.7"]
[White "Jakobsen, Peter"]
[Black "Hoiberg, Nina"]
[Result "1/2-1/2"]
[WhiteElo "2201"]
[BlackElo "2218"]
[PlyCount "62"]
[EventDate "2016.10.29"]
[EventType "team-tourn"]
[EventRounds "9"]
[EventCountry "DEN"]
[WhiteTeam "Nordkalotten 1"]
[BlackTeam "Nordre 1"]
[WhiteTeamCountry "DEN"]
[BlackTeamCountry "DEN"]

1. Nf3 d6 2. d4 Bg4 3. c4 Bxf3 4. exf3 e5 5. dxe5 dxe5 6. Qxd8+ Kxd8 7. Nc3 c6
8. Bd3 Nd7 9. O-O Nc5 10. Bc2 Ne6 11. Be3 Bc5 12. Ne4 Bd4 13. f4 Kc7 14. f5 Nf4
15. g3 Ne2+ 16. Kg2 Bxb2 17. Rab1 Ba3 18. c5 b6 19. cxb6+ axb6 20. Bxb6+ Kc8
21. Bd3 Nd4 22. Ng5 Nh6 23. Be4 Nhxf5 24. Nxf7 Re8 25. g4 Nh4+ 26. Kg3 Nhf3 27.
Bxf3 Nxf3 28. Kxf3 Rf8 29. Rfe1 Rxf7+ 30. Kg2 Bd6 31. Re2 Ra4 1/2-1/2

[Event "Xtracon Skakligaen"]
[Site "Denmark"]
[Date "2017.01.07"]
[Round "4.8"]
[White "Christensen, Jan Schleicher"]
[Black "Ejsing, Esben"]
[Result "1-0"]
[WhiteElo "2179"]
[BlackElo "2203"]
[PlyCount "63"]
[EventDate "2016.10.29"]
[EventType "team-tourn"]
[EventRounds "9"]
[EventCountry "DEN"]
[WhiteTeam "Nordre 1"]
[BlackTeam "Nordkalotten 1"]
[WhiteTeamCountry "DEN"]
[BlackTeamCountry "DEN"]

1. d4 Nf6 2. Nf3 c5 3. d5 e6 4. Nc3 d6 5. e4 e5 6. Bb5+ Nbd7 7. a4 g6 8. O-O
Bg7 9. a5 O-O 10. Bg5 h6 11. Bh4 g5 12. Bg3 Nh5 13. a6 Ndf6 14. axb7 Bxb7 15.
Nd2 Qc7 16. Nc4 Nf4 17. Ba6 Bxa6 18. Rxa6 Qb7 19. Rxd6 Qb4 20. Bxf4 exf4 21.
Qd3 f3 22. g3 g4 23. e5 Nh7 24. Ne4 Rad8 25. Rxd8 Rxd8 26. d6 Nf8 27. c3 Qb5
28. Rd1 Ne6 29. d7 Qa4 30. Ne3 Nf8 31. Nxg4 c4 32. Qxf3 1-0

[Event "Xtracon Skakligaen"]
[Site "Denmark"]
[Date "2017.01.07"]
[Round "4.1"]
[White "Ochsner, Bjorn Moller"]
[Black "Schandorff, Lars"]
[Result "1/2-1/2"]
[WhiteElo "2428"]
[BlackElo "2511"]
[PlyCount "183"]
[EventDate "2016.10.29"]
[EventType "team-tourn"]
[EventRounds "9"]
[EventCountry "DEN"]
[WhiteTeam "Aarhus/Skolerne 1"]
[BlackTeam "Hillerod 1"]
[WhiteTeamCountry "DEN"]
[BlackTeamCountry "DEN"]

1. e4 e5 2. Nf3 Nc6 3. Bc4 Bc5 4. O-O Nf6 5. d3 O-O 6. a4 d5 7. exd5 Nxd5 8.
Nbd2 a6 9. Re1 f6 10. Ne4 Ba7 11. c3 Kh8 12. a5 Be6 13. Qb3 Rb8 14. Qa3 Qd7 15.
h3 Rbd8 16. Qb3 Qc8 17. Be3 Qb8 18. Nc5 Bxc5 19. Bxc5 Rfe8 20. d4 Nf4 21. Bxe6
Nxe6 22. Ba3 Nxa5 23. Qa4 Nc6 24. dxe5 f5 25. Qc2 g6 26. b3 Rd7 27. Bb2 Qd8 28.
Rad1 Ree7 29. h4 Rxd1 30. Rxd1 Rd7 31. Re1 Qe7 32. h5 Kg7 33. hxg6 hxg6 34. g3
Ncd8 35. Kg2 Nf7 36. c4 Qc5 37. Rd1 Qc6 38. Rd3 Qe4 39. Rc3 Nfg5 40. Qxe4 Nxe4
41. Re3 a5 42. g4 fxg4 43. Nd4 N4c5 44. Nxe6+ Nxe6 45. Kg3 Rf7 46. Bc3 b6 47.
c5 bxc5 48. Bxa5 g5 49. b4 cxb4 50. Bxb4 Kg6 51. Re4 Rf3+ 52. Kxg4 Rxf2 53. Rc4
Rg2+ 54. Kf3 Rg1 55. Ba5 c5 56. Bb6 Rf1+ 57. Kg3 Rf8 58. Rc3 Rc8 59. Kg4 Rc6
60. Ba7 c4 61. Be3 Rc8 62. Bc1 Rc5 63. Ba3 Rc7 64. Bc1 Rc8 65. Be3 Rc6 66. Bc1
Rc5 67. Ba3 Rc6 68. Bc1 Rc8 69. Be3 Rc7 70. Bc1 Rh7 71. Kg3 Rh4 72. Rf3 Nd4 73.
Rf6+ Kh5 74. Be3 Re4 75. Bxd4 Rxd4 76. Rc6 Re4 77. Kf3 Rf4+ 78. Kg3 Rd4 79. Kf3
Rf4+ 80. Kg3 Rh4 81. e6 Kg6 82. e7+ Kf7 83. Rc5 Rd4 84. Rxg5 Kxe7 85. Kf2 Kd6
86. Ke3 Rd3+ 87. Ke2 Kc6 88. Rh5 Rd6 89. Rg5 Kb6 90. Rh5 c3 91. Rh3 Rc6 92. Kd1
1/2-1/2

[Event "Xtracon Skakligaen"]
[Site "Denmark"]
[Date "2017.01.07"]
[Round "4.2"]
[White "Borge, Nikolaj"]
[Black "Skytte, Rasmus"]
[Result "1/2-1/2"]
[WhiteElo "2386"]
[BlackElo "2398"]
[PlyCount "43"]
[EventDate "2016.10.29"]
[EventType "team-tourn"]
[EventRounds "9"]
[EventCountry "DEN"]
[WhiteTeam "Hillerod 1"]
[BlackTeam "Aarhus/Skolerne 1"]
[WhiteTeamCountry "DEN"]
[BlackTeamCountry "DEN"]

1. e4 c5 2. Nf3 e6 3. b3 a6 4. Bb2 Nc6 5. c4 Qc7 6. g3 Nf6 7. Nc3 Be7 8. Bg2
O-O 9. O-O Nd4 10. Nxd4 cxd4 11. Na4 e5 12. c5 d6 13. cxd6 Qxd6 14. Rc1 Bd7 15.
f4 Bb5 16. fxe5 Qxe5 17. Rf5 Qe6 18. Bxd4 Bxa4 19. bxa4 Rad8 20. Bxf6 Bxf6 21.
Rd5 Rxd5 22. exd5 1/2-1/2

[Event "Xtracon Skakligaen"]
[Site "Denmark"]
[Date "2017.01.07"]
[Round "4.3"]
[White "Rasmussen, Karsten"]
[Black "Stojanovski, Sandi"]
[Result "1/2-1/2"]
[WhiteElo "2447"]
[BlackElo "2292"]
[PlyCount "118"]
[EventDate "2016.10.29"]
[EventType "team-tourn"]
[EventRounds "9"]
[EventCountry "DEN"]
[WhiteTeam "Aarhus/Skolerne 1"]
[BlackTeam "Hillerod 1"]
[WhiteTeamCountry "DEN"]
[BlackTeamCountry "DEN"]

1. c4 e6 2. Nc3 d5 3. d4 Bb4 4. Nf3 Nf6 5. Bg5 h6 6. Bxf6 Qxf6 7. e3 O-O 8. Be2
dxc4 9. Bxc4 c5 10. O-O cxd4 11. exd4 Bxc3 12. bxc3 Nc6 13. Qe2 b6 14. Qe4 Bb7
15. Bd3 g6 16. Qe3 Ne7 17. Ne5 Qg5 18. Qh3 Nd5 19. Be4 Nf4 20. Qf3 Bxe4 21.
Qxe4 Qf5 22. Qe3 Nd5 23. Qxh6 Nxc3 24. Rae1 Nd5 25. Nf3 Qf6 26. h4 Qg7 27. Qd2
Nf6 28. a4 Rfd8 29. Rc1 Rac8 30. a5 Nd5 31. a6 Qf6 32. Rxc8 Rxc8 33. Rc1 Qd8
34. Re1 Nf6 35. Qh6 Qf8 36. Qg5 Qd8 37. Rc1 Rxc1+ 38. Qxc1 Nd5 39. Ne5 Qxh4 40.
Qc8+ Kg7 41. Qb7 Qe7 42. g3 Qc7 43. Nc6 Kf6 44. Kg2 g5 45. Kh3 Kg6 46. Qa8 Kg7
47. Qb7 Kg6 48. Ne5+ Kg7 49. Kg4 Qe7 50. Kh3 Qf6 51. Kg2 Qf5 52. Qxa7 Qe4+ 53.
Kh2 Qf5 54. Kg2 Qe4+ 55. Kh2 Qh7+ 56. Kg2 Qe4+ 57. Kh2 Qh7+ 58. Kg1 Qb1+ 59.
Kg2 Qe4+ 1/2-1/2